00363nam a2200157Ia 4500008004100000020001500041050001300056100001700069245002500086245001600111260001500127260001500142260000900157300001400166300002500180180207s9999 xx 000 0 und d a1588653668 bY32 2006 aYates, Gene. aWhat can Simon be? / cGene Yates. a[Boston] : bKidsbooks, c2006 aunpaged : bcolor illustration ;